ბათუმის შოთა რუსთაველის სახელმწიფო უნივერსიტეტის ბიბლიოთეკა

პოლარული ვარიაგი (ბიბ.ჩანაწერი № 50114)

000 -LEADER
fixed length control field 00925nam a2200241Ia 4500
001 - CONTROL NUMBER
control field 17052
003 - CONTROL NUMBER IDENTIFIER
control field GE_BSU
008 - FIXED-LENGTH DATA ELEMENTS--GENERAL INFORMATION
fixed length control field 181216s||||||||xx |||||||||||||| ||und||
040 ## - CATALOGING SOURCE
Transcribing agency GE_BSU
080 ## - UNIVERSAL DECIMAL CLASSIFICATION NUMBER
Universal Decimal Classification number 821.161.1-32
100 ## - MAIN ENTRY--PERSONAL NAME
Personal name ნოვიკოვი, ლევ. ტარადანკინი,ალექსანდრე
245 ## - TITLE STATEMENT
Title პოლარული ვარიაგი
245 ## - TITLE STATEMENT
Remainder of title დოკუმ. მოთხრობა
245 ## - TITLE STATEMENT
Statement of responsibility, etc. წინასიტყვ. ა. გოლოვკოსი ; თარგმნა გ. ქველაძე
260 ## - PUBLICATION, DISTRIBUTION, ETC.
Place of publication, distribution, etc. თბილისი
260 ## - PUBLICATION, DISTRIBUTION, ETC.
Name of publisher, distributor, etc. ნაკადული
260 ## - PUBLICATION, DISTRIBUTION, ETC.
Date of publication, distribution, etc. 1970
300 ## - PHYSICAL DESCRIPTION
Extent 263 გვ.20 სმ.
653 ## - INDEX TERM--UNCONTROLLED
Uncontrolled term დოკუმ. მოთხრობა
653 ## - INDEX TERM--UNCONTROLLED
Uncontrolled term პოლარული ვარიაგი
653 ## - INDEX TERM--UNCONTROLLED
Uncontrolled term ტარადანკინი, ალექსანდრე
942 ## - ADDED ENTRY ELEMENTS (KOHA)
Koha item type წიგნი
ეგზემპლარები
Withdrawn status Lost status Damaged status Not for loan Date acquired Barcode Date last seen Price effective from Koha item type
        2018-12-17 21426 2018-12-17 2018-12-17 წიგნი